|
|
|
|
| LEADER |
00000nam0a2200000 4500 |
| 001 |
275241 |
| 005 |
20231101234814.0 |
| 020 |
|
|
|a RU
|b 85-61055
|
| 035 |
|
|
|a (RuTPU)RU\TPU\book\298474
|
| 090 |
|
|
|a 275241
|
| 100 |
|
|
|a 20141112d1985 k y0rusy5003 ca
|
| 101 |
0 |
|
|a rus
|
| 102 |
|
|
|a UZ
|
| 105 |
|
|
|a y z 000zy
|
| 200 |
1 |
|
|a Ртутно-сурьмяное оруденение Средней Азии
|f Р. Р. Исанов
|g Среднеазиатский научно-исследовательский институт геологии и минерального сырья (САИГИМС)
|
| 210 |
|
|
|a Ташкент
|c Фан
|d 1985
|
| 215 |
|
|
|a 128 с.
|
| 606 |
1 |
|
|a Ртутные месторождения
|x Геология
|2 stltpush
|3 (RuTPU)RU\TPU\subj\25431
|9 49596
|
| 610 |
1 |
|
|a ртутно-сурьмяные месторождения
|
| 610 |
1 |
|
|a оруденение
|
| 610 |
1 |
|
|a Средняя Азия
|
| 610 |
1 |
|
|a рудоносные растворы
|
| 610 |
1 |
|
|a рудолокализация
|
| 610 |
1 |
|
|a поперечные структуры
|
| 610 |
1 |
|
|a геологическая информация
|
| 675 |
|
|
|a 553.499
|z rus
|v 4
|
| 700 |
|
1 |
|a Исанов
|b Р. Р.
|g Рахим Рахманкулович
|4 070
|
| 712 |
0 |
2 |
|a Среднеазиатский научно-исследовательский институт геологии и минерального сырья (САИГИМС)
|c (Ташкент)
|c (1957-1994)
|2 stltpush
|3 (RuTPU)RU\TPU\col\10266
|
| 801 |
|
0 |
|a RU
|b RuMRKP
|c 19950704
|g psbo
|
| 801 |
|
1 |
|a RU
|b 63413507
|c 20141112
|
| 801 |
|
2 |
|a RU
|b 63413507
|c 20170329
|g RCR
|
| 942 |
|
|
|c BK
|